000
00305nam a22001337a 4500
008
171221b xxu||||| |||| 00| 0 eng d
020
_a
9789351525011
041
_a
eng
080
_a
617
100
_a
8
101
_a
OFT
245
_a
MASTER TECHNIQUES IN OPHTHALMIC SURGERY
_c
ROY,F.H
942
_2
udc
_c
BK
999
_c
39270
_d
39270